|
|
|
|
| LEADER |
00628cam a2200205 a 4500 |
| 001 |
0000078474 |
| 005 |
20051123090000.0 |
| 040 |
|
|
|a mod
|
| 041 |
|
|
|a eng
|
| 020 |
0 |
0 |
|a 1585740276
|
| 090 |
0 |
0 |
|a 355.0222
|b QUO
|e 2000
|
| 245 |
0 |
4 |
|a The quotable soldier
|c edited by Lamar Underwood
|
| 260 |
0 |
0 |
|a New York
|b The Lyons Press
|c 2000
|
| 300 |
0 |
0 |
|a xvii, 274 p.
|b ill.
|c 18 cm
|
| 500 |
0 |
0 |
|a Includes index
|
| 650 |
0 |
0 |
|a Military art and science
|x Quotations, maxims, etc.
|
| 650 |
0 |
0 |
|a War
|x Quotations, maxims, etc.
|
| 700 |
1 |
1 |
|a Underwood
|h Lyons
|
| 852 |
0 |
0 |
|a 01
|
| 999 |
|
|
|a 0236881
|b KEMENTAH
|d BOOKS
|e Umum
|f Perpustakaan KEMENTAH
|j AVAILABLE
|q GOOD CONDITION
|